One year after / (Record no. 212850)
[ view plain ]
| 000 -LEADER | |
|---|---|
| fixed length control field | 02797cam a2200433 i 4500 |
| 001 - CONTROL NUMBER | |
| control field | 18639265 |
| 005 - DATE AND TIME OF LATEST TRANSACTION | |
| control field | 20170807133929.0 |
| 008 - FIXED-LENGTH DATA ELEMENTS--GENERAL INFORMATION | |
| fixed length control field | 150601s2015 nyu 000 1 eng |
| 010 ## - LIBRARY OF CONGRESS CONTROL NUMBER | |
| LC control number | 2015020938 |
| 020 ## - INTERNATIONAL STANDARD BOOK NUMBER | |
| International Standard Book Number | 9780765376701 (hardcover) |
| 020 ## - INTERNATIONAL STANDARD BOOK NUMBER | |
| Cancelled/invalid ISBN | 9781466851894 (ebook) |
| 040 ## - CATALOGING SOURCE | |
| Original cataloging agency | DLC |
| Language of cataloging | eng |
| Transcribing agency | DLC |
| Description conventions | rda |
| Modifying agency | DLC |
| 042 ## - AUTHENTICATION CODE | |
| Authentication code | pcc |
| 050 00 - LIBRARY OF CONGRESS CALL NUMBER | |
| Classification number | PS3556.O7418 |
| Item number | O55 2015 |
| 082 00 - DEWEY DECIMAL CLASSIFICATION NUMBER | |
| Classification number | 813/.54 |
| Edition number | 23 |
| 084 ## - OTHER CLASSIFICATION NUMBER | |
| Classification number | FIC031000 |
| Source of number | bisacsh |
| 092 ## - LOCALLY ASSIGNED DEWEY CALL NUMBER (OCLC) | |
| Classification number | fic |
| 100 1# - MAIN ENTRY--PERSONAL NAME | |
| Personal name | Forstchen, William R. |
| 9 (RLIN) | 60871 |
| 245 10 - TITLE STATEMENT | |
| Title | One year after / |
| Statement of responsibility, etc | William R. Forstchen. |
| 250 ## - EDITION STATEMENT | |
| Edition statement | First edition. |
| 264 #1 - Production, Publication, Distribution, Manufacture, and Copyright Notice. | |
| Place of production, publication, distribution, manufacture | New York : |
| Name of producer, publisher, distributor, manufacturer | Forge, |
| Date of production, publication, distribution, manufacture, or copyr | 2015 |
| 300 ## - PHYSICAL DESCRIPTION | |
| Extent | 302 pages ; |
| Dimensions | 25 cm |
| 336 ## - Content Type | |
| Content type term | text |
| 337 ## - Media type | |
| Media type term | unmediated |
| 338 ## - Carrier type | |
| Carrier type term | volume |
| 500 ## - GENERAL NOTE | |
| General note | "A Tom Doherty Associates book." |
| 500 ## - GENERAL NOTE | |
| General note | Sequel to: One second after. |
| 520 ## - SUMMARY, ETC. | |
| Summary, etc | "Months before publication, William R. Forstchen's One Second After was cited on the floor of Congress as a book all Americans should read. Hundreds of thousands of people have read the tale. One Year After is the thrilling follow-up to that smash hit. The story picks up a year after One Second After ends, two years since the detonation of nuclear weapons above the United States brought America to its knees. After suffering starvation, war, and countless deaths, the survivors of Black Mountain, North Carolina, are beginning to piece back together the technologies they had once taken for granted: electricity, radio communications, and medications. They cling to the hope that a new national government is finally emerging. Then comes word that most of the young men and women of the community are to be drafted into an "Army of National Recovery" and sent to trouble spots hundreds of miles away. When town administrator John Matherson protests the draft, he's offered a deal: leave Black Mountain and enter national service, and the draft will be reduced. But the brutal suppression of a neighboring community under its new federal administrator and the troops accompanying him suggests that all is not as it should be with this burgeoning government"-- |
| 650 #0 - SUBJECT ADDED ENTRY--TOPICAL TERM | |
| Topical term or geographic name as entry element | Regression (Civilization) |
| Form subdivision | Fiction. |
| 9 (RLIN) | 5695800 |
| 650 #0 - SUBJECT ADDED ENTRY--TOPICAL TERM | |
| Topical term or geographic name as entry element | Nuclear warfare |
| Form subdivision | Fiction. |
| 9 (RLIN) | 5678576 |
| 650 #0 - SUBJECT ADDED ENTRY--TOPICAL TERM | |
| Topical term or geographic name as entry element | Survivalism |
| Form subdivision | Fiction. |
| 9 (RLIN) | 5710494 |
| 650 #7 - SUBJECT ADDED ENTRY--TOPICAL TERM | |
| Topical term or geographic name as entry element | FICTION / Thrillers. |
| Source of heading or term | bisacsh |
| 9 (RLIN) | 5679973 |
| 655 #7 - INDEX TERM--GENRE/FORM | |
| Genre/form data or focus term | Science fiction. |
| Source of term | gsafd |
| 9 (RLIN) | 102707 |
| 655 #7 - INDEX TERM--GENRE/FORM | |
| Genre/form data or focus term | Suspense fiction. |
| Source of term | gsafd |
| 9 (RLIN) | 102761 |
| 856 42 - ELECTRONIC LOCATION AND ACCESS | |
| Materials specified | Cover image |
| Uniform Resource Identifier | <a href="http://www.netread.com/jcusers2/bk1388/701/9780765376701/image/lgcover.9780765376701.jpg">http://www.netread.com/jcusers2/bk1388/701/9780765376701/image/lgcover.9780765376701.jpg</a> |
| 906 ## - LOCAL DATA ELEMENT F, LDF (RLIN) | |
| a | 7 |
| b | cbc |
| c | orignew |
| d | 1 |
| e | ecip |
| f | 20 |
| g | y-gencatlg |
| 942 ## - ADDED ENTRY ELEMENTS (KOHA) | |
| Source of classification or shelving scheme | Dewey Decimal Classification |
| Koha item type | BOOK |
| Withdrawn status | Lost status | Source of classification or shelving scheme | Damaged status | Not for loan | Collection code | Home library | Current library | Shelving location | Date acquired | Source of acquisition | Cost, normal purchase price | Total Checkouts | Total Renewals | Full call number | Barcode | Date last seen | Date checked out | Cost, replacement price | Price effective from | Koha item type |
|---|---|---|---|---|---|---|---|---|---|---|---|---|---|---|---|---|---|---|---|---|
| Dewey Decimal Classification | Fiction | Wasatch County Library | Wasatch County Library | First Floor | 04/04/2016 | Amazon | 25.99 | 27 | 6 | F Forstchen | 34301001467820 | 03/05/2026 | 02/06/2026 | 25.99 | 03/20/2020 | BOOK |
